LEADER 01640nam a2200313 i 4500 001 000000068454 003 CaOOAMICUS 005 20100726000000.0 008 100726s1929 fr u000 u fre u 013 $a39626 040 $aSeMil$bita 100 1 $aJolivet, Régis,$d<1891-1966>.$0(OLS)http://semarc/name/5008 245 13$aLa notion de substance :$bessai historique et critique sur le développement des doctrines d'Aristote a nos jours /$cpar Régis Jolivet. 260 $aParis :$bBeauchesne,$c1929. 300 $a335 p. ;$c22 cm. 490 0 $aBibliothèque des Archives de philosophie 600 14$aLeibniz, Gottfried Wilhelm : von <1646-1716>.$0(OLS)http://semarc/subject/8954 600 04$aAristotele <384-322 a.C.>.$0(OLS)http://semarc/subject/1987 600 14$aBergson, Henri <1859-1941>.$0(OLS)http://semarc/subject/5584 600 14$aLachelier, Jules <1832-1918>.$0(OLS)http://semarc/subject/11272 600 14$aKant, Immanuel <1724-1804>.$0(OLS)http://semarc/subject/7657 600 14$aSpinoza, Benedetto <1632-1677>.$0(OLS)http://semarc/subject/906 650 4$aScolastica.$0(OLS)http://semarc/subject/210 650 4$aSostanza .$0(OLS)http://semarc/subject/3266 830 0$aBibliothèque des Archives de philosophie.$0(OLS)http://semarc/title/26800 850 $aSeMil 852 $aSeMil$W1$xVenegono$y1$m2O III 72$j34607$B34607$CSeMilBibl$Z2$F34610 $81 996 $6245$aLa notion de substance :$bessai historique et critique sur le développement des doctrines d'Aristote a nos jours$9(OLS)http://semarc/title/109272 996 $6260$aParis :$bBeauchesne$9(OLS)http://semarc/publisher/29638 LEADER 01292nam a2200229 i 4500 001 000000199021 003 CaOOAMICUS 005 20110315000000.0 008 110315s1536 xx u000 u lat u 013 $a177711 040 $aSeMil$bita 245 10$aIsagogae ad sacras literas unicus ; Eiusdem :$bIsagogae ad mysticos Sacrae Scripturae sensus libri XVIII. 260 $aLione :$bapud Franciscum Iustum typ.,$c1536, marzo. 260 $a[S.l.] :$bThomas Guadagnus,$c1536, marzo. 300 $a25,5 x 36 ;$cpp. 856 ;$crom. 500 $aEd. : Thomas Guadagnus florentinus ; prostant apud Hogonem a Porta. - Descrizione da : Incunaboli e Cinquecentine della Biblioteca del Seminario di Milano / catalogo a cura di Ubaldo Valentini, Milano 1981. - Numero di catalogo : 1191. 700 1 $aPagnini, Sante,$c.$0(OLS)http://semarc/name/90219 850 $aSeMil 852 $aSeMil$W1$xVenegono$y1$mFV.D VII 35$j149574$B149574$CSeMilBibl$Z2$F160964 $86 996 $6245$aIsagogae ad sacras literas unicus ; Eiusdem :$bIsagogae ad mysticos Sacrae Scripturae sensus libri XVIII$9(OLS)http://semarc/title/287730 996 $6260$a[S.l.] :$bThomas Guadagnus$9(OLS)http://semarc/publisher/51296 996 $6260$aLione :$bapud Franciscum Iustum typ.$9(OLS)http://semarc/publisher/51297